Busiest airports in Germany - Statistics

General Stats
  • This quiz has been taken 91 times
  • The average score is 9 of 10
Answer Stats
Passengers (2019) City % Correct
70,556,072 Frankfurt am Main
100%
47,941,378 Munich
100%
11,417,435 Berlin - Schönefeld
99%
24,227,570 Berlin - Tegel
99%
17,308,773 Hamburg
99%
12,368,519 Cologne / Bonn
98%
25,507,566 Düsseldorf
92%
12,721,441 Stuttgart
89%
6,301,366 Hanover
79%
4,111,689 Nuremberg
73%
No matching quizzes found
Score Distribution
Percent of People with Each Score
Percentile by Number Answered
Your Score History
You have not taken this quiz